<?xml version="1.0" encoding="UTF-8"?>
<record
    xmlns:xsi="http://www.w3.org/2001/XMLSchema-instance"
    xsi:schemaLocation="http://www.loc.gov/MARC21/slim http://www.loc.gov/standards/marcxml/schema/MARC21slim.xsd"
    xmlns="http://www.loc.gov/MARC21/slim">

  <leader>00622nam a22001337a 4500</leader>
  <datafield tag="040" ind1=" " ind2=" ">
    <subfield code="c">RUA</subfield>
  </datafield>
  <datafield tag="082" ind1=" " ind2=" ">
    <subfield code="a">AGR PHO 2022 B1-546 Or.</subfield>
  </datafield>
  <datafield tag="100" ind1=" " ind2=" ">
    <subfield code="a">PHO KIMLENG,&#x1795;&#x17BC; &#x1782;&#x17B8;&#x1798;&#x179B;&#x17C1;&#x1784;</subfield>
  </datafield>
  <datafield tag="245" ind1=" " ind2=" ">
    <subfield code="a">COMPARISON OF DIFFERENT RATES OF SEMI-ORGANIC 5-5-5 FERTILIZER ON LETTUCE (Lactuca sativa L.),&#x1794;&#x17D2;&#x179A;&#x17C0;&#x1794;&#x1792;&#x17C0;&#x1794;&#x1780;&#x1798;&#x17D2;&#x179A;&#x17B7;&#x178F;&#x1787;&#x17B8;&#x1796;&#x17B6;&#x1780;&#x17CB;&#x1780;&#x178E;&#x17D2;&#x178F;&#x17B6;&#x179B;&#x179F;&#x179A;&#x17B8;&#x179A;&#x17B6;&#x1784;&#x17D2;&#x1782;&#x17E5;-&#x17E5;-&#x17E5;&#x179B;&#x17BE;&#x178A;&#x17C6;&#x178E;&#x17B6;&#x17C6;&#x179F;&#x17B6;&#x179B;&#x17B6;&#x178A;</subfield>
  </datafield>
  <datafield tag="260" ind1=" " ind2=" ">
    <subfield code="a">phnom penh</subfield>
    <subfield code="b">rua</subfield>
    <subfield code="c">2022</subfield>
  </datafield>
  <datafield tag="300" ind1=" " ind2=" ">
    <subfield code="a">x.41p.</subfield>
    <subfield code="b">ill.</subfield>
    <subfield code="c">29cm.</subfield>
  </datafield>
  <datafield tag="856" ind1=" " ind2=" ">
    <subfield code="u">https://drive.google.com/file/d/1fWcxWgvYOHjX4mhTvrfwflH7FEJHN7h3/view?usp=sharing</subfield>
  </datafield>
  <datafield tag="942" ind1=" " ind2=" ">
    <subfield code="c">AGR</subfield>
  </datafield>
  <datafield tag="999" ind1=" " ind2=" ">
    <subfield code="c">23564</subfield>
    <subfield code="d">23564</subfield>
  </datafield>
  <datafield tag="952" ind1=" " ind2=" ">
    <subfield code="0">0</subfield>
    <subfield code="1">0</subfield>
    <subfield code="4">0</subfield>
    <subfield code="6">AGR_PHO_2022_000000000000000_B1546_OR</subfield>
    <subfield code="7">0</subfield>
    <subfield code="9">101003</subfield>
    <subfield code="a">LBB</subfield>
    <subfield code="b">LBB</subfield>
    <subfield code="c">B1.546</subfield>
    <subfield code="d">2024-08-13</subfield>
    <subfield code="o">AGR PHO 2022 B1-546 Or.</subfield>
    <subfield code="p">a076602</subfield>
    <subfield code="r">2024-08-13</subfield>
    <subfield code="y">AGR</subfield>
  </datafield>
  <datafield tag="952" ind1=" " ind2=" ">
    <subfield code="0">0</subfield>
    <subfield code="1">0</subfield>
    <subfield code="4">0</subfield>
    <subfield code="6">AGR_PHO_2022_000000000000000_B1546_OR</subfield>
    <subfield code="7">0</subfield>
    <subfield code="9">101004</subfield>
    <subfield code="a">LBB</subfield>
    <subfield code="b">LBB</subfield>
    <subfield code="c">B1.546</subfield>
    <subfield code="d">2024-08-13</subfield>
    <subfield code="o">AGR PHO 2022 B1-546 Or.</subfield>
    <subfield code="p">a076595</subfield>
    <subfield code="r">2024-08-13</subfield>
    <subfield code="y">AGR</subfield>
  </datafield>
  <datafield tag="952" ind1=" " ind2=" ">
    <subfield code="0">0</subfield>
    <subfield code="1">0</subfield>
    <subfield code="4">0</subfield>
    <subfield code="6">AGR_PHO_2022_000000000000000_B1546_OR</subfield>
    <subfield code="7">0</subfield>
    <subfield code="9">101005</subfield>
    <subfield code="a">LBB</subfield>
    <subfield code="b">LBB</subfield>
    <subfield code="c">B1.546</subfield>
    <subfield code="d">2024-08-13</subfield>
    <subfield code="o">AGR PHO 2022 B1-546 Or.</subfield>
    <subfield code="p">a076587</subfield>
    <subfield code="r">2024-08-13</subfield>
    <subfield code="y">AGR</subfield>
  </datafield>
  <datafield tag="952" ind1=" " ind2=" ">
    <subfield code="0">0</subfield>
    <subfield code="1">0</subfield>
    <subfield code="4">0</subfield>
    <subfield code="6">AGR_PHO_2022_000000000000000_B1546_OR</subfield>
    <subfield code="7">0</subfield>
    <subfield code="9">101006</subfield>
    <subfield code="a">LBB</subfield>
    <subfield code="b">LBB</subfield>
    <subfield code="c">B1.546</subfield>
    <subfield code="d">2024-08-13</subfield>
    <subfield code="o">AGR PHO 2022 B1-546 Or.</subfield>
    <subfield code="p">a076631</subfield>
    <subfield code="r">2024-08-13</subfield>
    <subfield code="y">AGR</subfield>
  </datafield>
</record>
